Intellektualizacija ekonomiki v uslovijach globalizacii
Intelektuzalizácia ekonomiky v podmienkach globalizácie a s ňou spojené pojmy - inovačný potenciál, ľudský potenciál, intelektuálny kapitál, ekonomika založená na vedomostiach. Efektívny rozvoj a využívanie znalostí v rôznych oblastiach ekonomickej činnosti.
Saved in:
| Main Author: | |
|---|---|
| Other Authors: | |
| Format: | Book Chapter |
| Language: | Russian |
| Subjects: | |
| Tags: |
No Tags, Be the first to tag this record!
|
MARC
| LEADER | 00000nla a2200000 4500 | ||
|---|---|---|---|
| 001 | 0243799 | ||
| 005 | 20240502083652.8 | ||
| 041 | 0 | |a rus | |
| 044 | |a PL | ||
| 245 | 1 | 0 | |a Intellektualizacija ekonomiki v uslovijach globalizacii |c Marina Ažaža, Vladimír Gonda |
| 520 | |a Intelektuzalizácia ekonomiky v podmienkach globalizácie a s ňou spojené pojmy - inovačný potenciál, ľudský potenciál, intelektuálny kapitál, ekonomika založená na vedomostiach. Efektívny rozvoj a využívanie znalostí v rôznych oblastiach ekonomickej činnosti. | ||
| 610 | 2 | 0 | |a ekonomika znalostná |
| 610 | 2 | 0 | |a potenciál ľudský |
| 610 | 2 | 0 | |a inovácia |
| 610 | 2 | 0 | |a vedomosti |
| 610 | 2 | 0 | |a kapitál intelektuálny |
| 100 | 1 | |a Ažaža, Marina | |
| 700 | 1 | |a Gonda, Vladimír | |